000 00517nam a22001817a 4500
005 20251108164100.0
008 250721s1994 xx 000 0 ara d
082 1 4 _a155.4/شكو
100 1 _aشكور، جليل وديع
245 1 0 _aكيف تجعلين إبنك مجتهدا و مبدعا /
264 1 _aبيروت :
_bعالم الكتب،
_c1994.
300 _a215ص.
490 0 _aسلسلة المعرفة
650 1 7 _aالأطفال
650 1 7 _aالدراسات
942 _2ddc
_cBK
999 _c3163
_d3163